Datum a čas kvízu
20
Celkem bodů
Celkový počet nahraných bodů na tomto kvízu bez doplňovacích otázek.
4.
Pořadí na kvízu
Konečné umístění týmu na tomto kvízu.
Zaznamenané odpovědi
| # | Otázka | Odpověď | Body | Výsledky |
|---|---|---|---|---|
| 1. | Minulý týden vyšla zpráva o to... | špatné parkování elektrokoloběžek | 0 | |
| 2. | Poblíž které metropole došlo v... | poblíž Sydney | 0 | |
| 3. | Jistý populární komediální ser... | Mr. Bean | 1 | |
| 4. | Známý šéfkuchař Přemek Forejt... | McDonald’s | 1 | |
| 5. | Brněnští hokejoví fanoušci měl... | 2:1 | 0 | |
| 6. | Začneme v Africe. Konžské král... | Zair | 0 | |
| 7. | Na černém kontinentu ještě chv... | Horní Volta, Burkina Faso | 0 | |
| 8. | Thajsko je jedinou zemí jihový... | Siam, Město Andělů | 0 | |
| 9. | Zřejmě víte, že na území dnešn... | Robinson Crusoe | 1 | |
| 10. | Vzpomenete si na název tohoto... | Německá demokratická republika (Východní Německo) | 0 |